<?xml version="1.0" encoding="UTF-8"?>
<marc:record xmlns:marc="http://www.loc.gov/MARC21/slim">
   <marc:leader>00000nam a2200000 a 4500</marc:leader>
   <marc:datafield ind1="1" ind2=" " tag="100">
      <marc:subfield code="a">Neumayer, Lilo</marc:subfield>
      <marc:subfield code="4">aut</marc:subfield>
      <marc:subfield code="e">Verfasser/-in</marc:subfield>
   </marc:datafield>
   <marc:datafield ind1="0" ind2="0" tag="245">
      <marc:subfield code="a">Eselfrühling</marc:subfield>
   </marc:datafield>
   <marc:datafield ind1="0" ind2="0" tag="245">
      <marc:subfield code="b">Mimi und Mama Esel finden den Frühling</marc:subfield>
   </marc:datafield>
   <marc:datafield ind1=" " ind2="1" tag="264">
      <marc:subfield code="c">2021</marc:subfield>
   </marc:datafield>
   <marc:datafield ind1="1" ind2=" " tag="520">
      <marc:subfield code="a">Auf dem Bauernhof der Familie Schneckberger wohnt zusammen mit den Hühnern, den Kühen, den Kaninchen, Katze Struppi und Hund Stupsi auch Mama Esel mit ihrer kleinen Eselin Mimi. Nach dem langen Winter erwacht Mimi mit einem Kitzeln in der Nase, im morgengrauen Stall leuchtet der erste Sonnenstrahl des Frühlings! Nach und nach erwachen auch die anderen Tiere und die Schreckbergers springen im Bauernhaus aus ihren Betten. Als es nach dem Frühstück nach Heu, Kaffee und frischen Brötchen duftet, hält Mimi nichts mehr im Stall. Gemeinsam mit Stupsi galoppiert sie auf die Koppel und wälzt sich übermütig in der zartgrünen Wiese. Endlich hat der Winter für den Frühling Platz gemacht und bald ist alles ringsherum grün und blühend. Die neue Vorlesegeschichte rund um die kleine Eselin fügt sich harmonisch in die niedlichen Illustrationen von J. Gerigk ein, die den ganzen Bauernhof lebendig werden lässt. Besonders schön ist die von oben sichtbare Blumenwiese mit unzähligen Schmetterlingen. Gern empfohlen. Ab 3</marc:subfield>
   </marc:datafield>
   <marc:datafield ind1=" " ind2=" " tag="020">
      <marc:subfield code="a">9783707424089</marc:subfield>
      <marc:subfield code="9">9783707424089</marc:subfield>
   </marc:datafield>
</marc:record>
